| 000 | 00581nam a2200193 a 4500 | ||
|---|---|---|---|
| 005 | 20240814063722.0 | ||
| 008 | 991125s1996 mx 000 0 spa u | ||
| 020 | _a9688806285 | ||
| 035 | _aUPN01000025711 | ||
| 049 | _aCG | ||
| 050 | 4 |
_aQD40 _bB8.38 1996 |
|
| 100 | 1 | _aBurns, Ralph A. | |
| 245 | 1 | 0 |
_aFundamentos de química / _cRalph A. Burns ; tr. Héctor Javier Escalona y García. |
| 250 | _a2a ed. | ||
| 260 |
_aMéxico : _bPrentice-Hall-Hispanoamericana, _c1996. |
||
| 300 |
_axx,664, [79] p. : _bil. |
||
| 650 | 4 |
_aQuímica _xEstudio y enseñanza _97239 |
|
| 905 | _aLibro | ||
| 999 |
_c25711 _d25711 |
||